[Event "Nova Gorica op 22nd"]
[Site "Nova Gorica"]
[Date "2017.01.31"]
[Round "7"]
[White "Kersic, Matej"]
[Black "Skok, Joze"]
[Result "1/2-1/2"]
[WhiteElo "2174"]
[BlackElo "2006"]
[PlyCount "111"]
[EventDate "2017.01.27"]
[EventType "swiss"]
[EventRounds "9"]
[EventCountry "SLO"]
[SourceTitle "CBM 176 Extra"]
[Source "ChessBase"]
[SourceDate "2017.03.02"]
[SourceVersion "1"]
[SourceVersionDate "2017.03.02"]
[SourceQuality "1"]

1. e4 c6 2. d4 d5 3. e5 Bf5 4. Nc3 e6 5. g4 Bg6 6. Nge2 h6 7. Nf4 Bh7 8. Bd3 Bxd3 9. Nxd3 Nd7 10. Be3 Qb6 11. Qd2 Bb4 12. a3 Bxc3 13. Qxc3 Ne7 14. 0-0-0 a5 15. f4 0-0-0 16. a4 Kc7 17. Bd2 Ra8 18. Qa3 Nc8 19. Be3 Qa6 20. f5 b5 21. axb5 cxb5 22. c3 Qc6 23. fxe6 b4 24. Qb3 fxe6 25. Kb1 bxc3 26. Rc1 Ncb6 27. Qxc3 Qxc3 28. Rxc3+ Kb7 29. Nf4 Rhe8 30. Nh5 Re7 31. g5 hxg5 32. Bxg5 Rf7 33. Nf4 Nf8 34. Nd3 Nfd7 35. b3 Rc8 36. Rxc8 Kxc8 37. Rc1+ Kb7 38. Nc5+ Nxc5 39. dxc5 Na8 40. Bd2 Ka6 41. Kc2 Rc7 42. Kd3 Rb7 43. b4 a4 44. c6 Rc7 45. Rc5 Kb6 46. Ra5 Rc8 47. Rxa4 Kxc6 48. Ra1 Nb6 49. Rg1 Nc4 50. Bc3 Rh8 51. Rxg7 Rxh2 52. Re7 Rh3+ 53. Kc2 Na3+ 54. Kb2 Nc4+ 55. Kb3 Kb5 56. Rb7+ 1/2-1/2

[Event "Nova Gorica op 22nd"]
[Site "Nova Gorica"]
[Date "2017.01.28"]
[Round "3"]
[White "Plenca, Jadranko"]
[Black "Skok, Joze"]
[Result "1-0"]
[WhiteElo "2424"]
[BlackElo "2006"]
[PlyCount "75"]
[EventDate "2017.01.27"]
[EventType "swiss"]
[EventRounds "9"]
[EventCountry "SLO"]
[SourceTitle "CBM 176 Extra"]
[Source "ChessBase"]
[SourceDate "2017.03.02"]
[SourceVersion "1"]
[SourceVersionDate "2017.03.02"]
[SourceQuality "1"]

1. e4 c6 2. d4 d5 3. Nc3 dxe4 4. Nxe4 Nd7 5. Ng5 Ngf6 6. Bd3 e6 7. N1f3 Bd6 8. Qe2 Nb6 9. Ne5 0-0 10. Bd2 Qc7 11. Ne4 Be7 12. 0-0-0 Nbd5 13. g4 Nxe4 14. Qxe4 Nf6 15. Qe2 c5 16. dxc5 Bxc5 17. g5 Nd5 18. h4 Bd6 19. f4 Bd7 20. h5 f6 21. gxf6 Rxf6 22. Qe4 Rf5 23. Nxd7 Qxd7 24. h6 g6 25. Qg2 Nxf4 26. Bxf4 Bxf4+ 27. Kb1 Rd5 28. Qg4 Qf7 29. Rhf1 g5 30. Rxf4 Qxf4 31. Qxe6+ Qf7 32. Bxh7+ Kh8 33. Qxd5 Qxh7 34. Qe5+ Kg8 35. Qxg5+ Kf8 36. Rf1+ Ke8 37. Qe5+ Kd7 38. Rd1+ 1-0

[Event "SLO-chT1 West"]
[Site "Slovenia"]
[Date "2016.12.09"]
[Round "7"]
[White "Unuk, Laura"]
[Black "Skok, Joze"]
[Result "1-0"]
[WhiteElo "2248"]
[BlackElo "2021"]
[PlyCount "121"]
[EventDate "2016.11.11"]
[EventType "team-tourn"]
[EventRounds "9"]
[EventCountry "SLO"]
[SourceTitle "EXT 2018"]
[Source "ChessBase"]
[SourceDate "2017.10.13"]
[SourceVersion "1"]
[SourceVersionDate "2017.10.13"]
[SourceQuality "1"]
[WhiteTeam "Ljubljana Duol"]
[BlackTeam "Domzale"]
[WhiteTeamCountry "SLO"]
[BlackTeamCountry "SLO"]

1. d4 Nf6 2. c4 g6 3. Nf3 Bg7 4. g3 d5 5. cxd5 Nxd5 6. Bg2 Nb6 7. 0-0 0-0 8. Nc3 Nc6 9. d5 Ne5 10. Nd4 Nec4 11. a4 a5 12. Ndb5 Bd7 13. Bf4 Nd6 14. Qb3 Nxb5 15. Nxb5 Bxb5 16. Qxb5 Qd7 17. Qb3 Rac8 18. Rfc1 h6 19. Rc5 Bd4 20. Rxa5 g5 21. Bd2 Rfd8 22. e3 Bf6 23. Bc3 Bxc3 24. bxc3 Qd6 25. Ra2 e6 26. c4 Nd7 27. Rb5 Nc5 28. Qb4 b6 29. h3 Rb8 30. a5 exd5 31. axb6 cxb6 32. Bxd5 Qf6 33. Qb2 Qd6 34. Ra7 Rd7 35. Qa2 Rbd8 36. Rb1 Rc7 37. Rxc7 Qxc7 38. Qb2 Rd6 39. Qe5 Qd8 40. Ra1 Qf6 41. Qe8+ Kg7 42. Ra8 Kg6 43. Qg8+ Qg7 44. Bxf7+ Kf6 45. Qxg7+ Kxg7 46. Bd5 Nd3 47. e4 Rf6 48. Ra2 Ne1 49. Kf1 Nf3 50. Ra7+ Kf8 51. Rh7 Nd2+ 52. Ke2 Nf3 53. Ke3 Ng1 54. e5 Rf5 55. f4 gxf4+ 56. gxf4 Nxh3 57. e6 Rf6 58. f5 Ng5 59. Ra7 h5 60. Kf4 Nh3+ 61. Ke5 1-0

[Event "SLO-chT1 West"]
[Site "Slovenia"]
[Date "2016.11.27"]
[Round "6"]
[White "Kobal, Sasa"]
[Black "Skok, Joze"]
[Result "1/2-1/2"]
[WhiteElo "1766"]
[BlackElo "2021"]
[PlyCount "169"]
[EventDate "2016.11.11"]
[EventType "team-tourn"]
[EventRounds "9"]
[EventCountry "SLO"]
[SourceTitle "EXT 2018"]
[Source "ChessBase"]
[SourceDate "2017.10.13"]
[SourceVersion "1"]
[SourceVersionDate "2017.10.13"]
[SourceQuality "1"]
[WhiteTeam "Nova Gorica"]
[BlackTeam "Domzale"]
[WhiteTeamCountry "SLO"]
[BlackTeamCountry "SLO"]

1. e4 c6 2. d4 d5 3. Nc3 dxe4 4. Nxe4 Nd7 5. Nf3 Ngf6 6. Ng3 e6 7. Bd3 Bd6 8. c3 Qc7 9. 0-0 0-0 10. Re1 c5 11. Bd2 b6 12. Ne4 Nxe4 13. Bxe4 Bb7 14. Qc2 Nf6 15. Bxb7 Qxb7 16. h3 Rac8 17. dxc5 Bxc5 18. Rad1 Rfd8 19. Bg5 Be7 20. Qe2 h6 21. Bh4 Rd5 22. Rxd5 Qxd5 23. Qa6 Rc7 24. Bg3 Qc4 25. Qxc4 Rxc4 26. Rd1 Rc8 27. Kf1 Kf8 28. Ke2 Ke8 29. Be5 g6 30. Rd4 Nd5 31. c4 Nb4 32. a3 Nc6 33. Rd2 Na5 34. Rc2 Rxc4 35. Rxc4 Nxc4 36. Bc3 Bc5 37. Kd3 Nd6 38. Be1 b5 39. Ne5 g5 40. f3 h5 41. Bc3 f6 42. Nc6 e5 43. g4 hxg4 44. hxg4 Kd7 45. Nb8+ Ke6 46. Nc6 Nb7 47. Ke4 Nd6+ 48. Kd3 Bb6 49. Ke2 Nc4 50. Kd3 a5 51. a4 Nd6 52. axb5 a4 53. Ba5 Bxa5 54. Nxa5 Nxb5 55. Nc4 f5 56. gxf5+ Kxf5 57. Ke3 Nd4 58. Nb6 a3 59. bxa3 Nc2+ 60. Kf2 Nxa3 61. Nd5 Nb5 62. Ne7+ Ke6 63. Nc6 Nd4 64. Nd8+ Kf5 65. Ke3 Kf6 66. Ke4 Ne6 67. Nc6 Nc5+ 68. Kd5 Nd3 69. Ke4 Nf2+ 70. Ke3 Nd1+ 71. Ke4 Nc3+ 72. Kd3 Nb5 73. Ke4 Nd6+ 74. Kd5 Nf7 75. Ke4 Ke6 76. Nb4 Nd6+ 77. Kd3 Kf5 78. Ke3 Nc4+ 79. Kf2 Nb6 80. Ke3 Ke6 81. Ke4 Nd7 82. Ke3 Nc5 83. Kf2 e4 84. fxe4 Nxe4+ 85. Kg2 1/2-1/2